000 00505nam a2200181Ia 4500
001 18286
005 20260306171619.0
008 260306s9999||||xx |||||||||||||| ||und||
041 _aESP
082 _a658.402
_bM26A
100 _aMartínez Fajardo, Carlos Eduardo
_eAUT
245 0 _aAdministración de organizaciones:
_bgrandes transformaciones estratégicas y organizaciones
260 _c2012
300 _a594 páginas :
_c24 cm.
650 _aGEN
654 _aCAN
942 _cLIB
_dJUS
_fJUS
_2ddc
_n
999 _c18286
_d18286